000 nam a22 a 4500
999 _c3770
_d3770
005 20170524083446.0
008 170524b1998 C ||||| |||| 00| 0 eng d
020 _a7119018035
040 _aAKMAL
082 _a796.83 YUP
090 _a796.83
_bYUP
245 _aMANTIS BOXING
_cFOREIGN LANGUAGE PRESS
260 _aCHINA
_bFOREIGN LANGUAGE PRESS
_c1998
300 _a182pg,;
_c15 cm
650 _aBOXING
_97457
942 _2ddc
_cBOOK